Statistiche per Ricostruisci la Carriera del Calciatore - Dušan Basta

Clicka qui per fare il quiz!

Statistiche generali

  • Questo quiz è stato fatto 2 volte
  • Il punteggio medio è 3 su 7

Statistiche sulle risposte

HintRisposta% Corretto
2002-2003 Stella Rossa
100%
2003-2004Jedinstvo Ub
50%
2014-2019 Lazio
50%
2008-2009Lecce
50%
2004-2008 Stella Rossa
0%
2008 Udinese
0%
2009-2014 Udinese
0%

Distribuzione punteggi

Percentile per numero di risposta

Percentuale di utenti per punteggio

I tuoi punteggi nel tempo

Non hai fatto questo quiz